000 00294nam a2200121Ia 4500
008 190216s9999||||xx |||||||||||||| ||und||
100 _aNag N K&Amp; Maity J C
245 0 _aBusiness Statistics
260 _bAllied Publishers Limited
_c1981
300 _a463p
650 _aCommerce
942 _cBK
999 _c5219
_d5219